000
00283nam a2200121 a 4500
008
101209s1970|||| d
100
1
_a
Johansen, Rudolf Broby
245
1
0
_a
Umenie okolo nás
260
_b
Obzor
_a
Bratislava
_c
1970
020
_c
55
044
_a
xo
_c
SK
041
_a
slo
999
_c
14986
_d
14986